00399nam a2200169Ia 4500008004100000020001800041050001400059245002100073245003000094260000900124260002000133260000900153300001400162300002600176300001000202440001700212180207s9999 xx 000 0 und d a9781407587035 bH847 2010 aHow do I move? : bdiscover animal actions / aUK : bParragon press, c2010 aunpaged : bcolor illustrations ; c13cm. aGo Diedo go!